[Event "SWZ-chT9697"]
[Site "SWZ"]
[Date "1997.??.??"]
[Round "?"]
[White "Kortschnoj, Viktor"]
[Black "Milov, Vadim"]
[Result "0-1"]
[WhiteElo "2635"]
[BlackElo "2610"]

1.d4 Nf6 2.c4 g6 3.Nc3 Bg7 4.e4 d6 5.Be2 O-O 6.Nf3 e5 7.O-O Na6 8.Be3 c6
9.d5 Ng4 10.Bd2 f5 11.exf5 gxf5 12.Ng5 Nf6 13.f4 e4 14.Be3 c5 15.a3 Bd7 16.Rc1 Kh8
17.Nb5 Qe7 18.a4 h6 19.Nh3 Nb4 20.Nf2 a6 21.Nc3 Qf7 22.Kh1 Qg6 23.g3 h5 24.Qd2 Ng4
25.Nh3 Bf6 26.Ng5 Rg8 27.h4 Qg7 28.Rcd1 Rge8 29.Bg1 Kg8 30.a5 Rab8 31.Ra1 Bd4
32.Nd1 b6 33.axb6 Rxb6 34.Ra3 Reb8 35.Re1 Qf6 36.Rf1 Kg7 37.Re1 Kg6 38.Rf1 Qh8
39.Re1 R6b7 40.Rf1 Qf6 41.Re1 Rb6 42.Rf1 Bxg1 43.Rxg1 Qd4 44.Qc3 Nc2 45.Bxg4 Nxa3
46.Bxh5+ Kxh5 47.Qxa3 Rb3 48.Qa5 Rd3 49.Qe1 Rd2 50.g4+ fxg4 51.Nxe4 Re8 52.Qxd2 Qxe4+
53.Rg2 g3 54.Nc3 Qf3 55.Qd1 Qxd1+ 56.Nxd1 Bg4 57.Rxg3 Re1+ 58.Kg2 Rxd1 59.Rd3 Kxh4
60.Kf2 Bc8 61.Rb3 Kg4 62.Ke3 Bf5 63.Rb6 Rd3+ 64.Ke2 Kxf4 65.Rxd6 Rb3 66.Kd2 Rxb2+
67.Kc3 Rc2+ 68.Kb3 Ke5 69.Rxa6 Kd4 70.Rf6 Rc3+ 71.Kb2 Be4 72.d6 Rd3 73.d7 Ke5
74.Rf7 Ke6 75.Rf8 Kxd7 76.Rf4 Re3 77.Rh4 Kd6 78.Rh5 Rf3 79.Rg5 Bf5 80.Rh5 Ke5  0-1

[Event "FRA-chT"]
[Site "FRA"]
[Date "1998.02.06"]
[Round "1"]
[White "Milov, Vadim"]
[Black "Hebden, Mark"]
[Result "1-0"]
[WhiteElo "2635"]
[BlackElo "2585"]

1.d4 Nf6 2.c4 g6 3.Nc3 Bg7 4.e4 d6 5.Be2 O-O 6.Bg5 Nc6 7.d5 Ne5 8.Nf3 Ned7
9.O-O a5 10.Re1 Nc5 11.Bf1 h6 12.Bh4 c6 13.e5 dxe5 14.Nxe5 Qb6 15.Qf3 Bf5
16.dxc6 Qxb2 17.cxb7 Qxb7 18.Qxb7 Nxb7 19.Nd5 Nxd5 20.cxd5 g5 21.Bg3 e6 22.Bb5 Rad8
23.Rac1 Nd6 24.Bc6 exd5 25.Bxd5 Nc8 26.Bb3 Be6 27.Nc6 Rd2 28.Nxa5 Nb6 29.h4 Nd5
30.hxg5 hxg5 31.Nc4 Rd4 32.Ne5 Nf4 33.Nf3 Nd3 34.Nxd4 Bxd4 35.Rcd1 Nxe1 36.Rxd4 Bxb3
37.axb3 Ra8 38.Kf1 Nc2 39.Rc4 Ra2 40.b4 Rb2 41.Bd6 f5 42.g4 fxg4 43.Rxg4 Kf7
44.Re4 Kg6 45.Kg2 Rb3 46.Re6+ Kf7 47.Re2 Nd4 48.Re4 Nc2 49.Bc5 Kf6 50.f3 Kf5
51.Kg3 Rb1 52.Re8 Ne1 53.Rf8+ Kg6 54.Be7 Rb3 55.Kg4 Kg7 56.Rf5 Kh7 57.Bd6 Rd3
58.Bc5 Rb3 59.Be7 Kg6 60.Bc5 Kh7 61.Kxg5 Nxf3+ 62.Kf6 Nd4 63.Rh5+ Kg8 64.Bxd4 Rxb4
65.Rg5+ Kh7 66.Rd5 Rb7 67.Rd8 Rg7 68.Ke6 Rg8 69.Rd5 Kg6 70.Bf6 Kh6 71.Kf7 Rg3
72.Rf5 Rg2 73.Be5  1-0

[Event "FRA-chT"]
[Site "FRA"]
[Date "1998.02.07"]
[Round "2"]
[White "Milov, Vadim"]
[Black "Legky, Nikolay A"]
[Result "0-1"]
[WhiteElo "2635"]
[BlackElo "2480"]

1.d4 d5 2.c4 dxc4 3.e3 Nf6 4.Bxc4 e6 5.Nf3 c5 6.O-O Nc6 7.Qe2 cxd4 8.Rd1 Be7
9.exd4 O-O 10.Nc3 Na5 11.Bd3 b6 12.Ne5 Bb7 13.Qe3 Nd5 14.Qe4 f5 15.Qe2 Nxc3
16.bxc3 Qd5 17.f3 Bf6 18.Nc4 Rfe8 19.Nxa5 Qxa5 20.Bb5 Re7 21.Bb2 a6 22.a4 Bd5
23.Bd3 Bb3 24.Rdc1 Ree8 25.Ba3 Qxa4 26.Be7 Bxd4+ 27.Kh1 Qd7 28.Bb4 Bf6 29.Bxa6 Red8
30.h3 Qc7 31.Rab1 Bd5 32.Rd1 Qg3 33.Bc4 Be5 34.Kg1 Qh2+ 35.Kf2 Bg3+ 36.Ke3 f4+  0-1

[Event "New York op"]
[Site "New York"]
[Date "1998.03.16"]
[Round "1"]
[White "Schwartz, Ylan"]
[Black "Milov, Vadim"]
[Result "0-1"]
[WhiteElo "2295"]
[BlackElo "2635"]

1.e4 c5 2.Nc3 Nc6 3.f4 g6 4.Nf3 Bg7 5.Bc4 e6 6.O-O Nge7 7.f5 d5 8.fxe6 dxc4
9.exf7+ Kxf7 10.Ng5+ Kg8 11.Nf7 Qd4+ 12.Kh1 Be6 13.Nxh8 Kxh8 14.d3 cxd3 15.cxd3 Ne5
16.Bg5 N7c6 17.Qe1 Nxd3 18.Qh4 Nce5 19.Bf6 Qd7 20.h3 c4 21.Ne2 Rf8 22.Ng3 Rxf6
23.Rxf6 Qe7 24.Raf1 Nd7 25.e5 N3xe5 26.Ne4 Bf5  0-1

[Event "New York op"]
[Site "New York"]
[Date "1998.03.16"]
[Round "2"]
[White "Milov, Vadim"]
[Black "Mainka, Romuald"]
[Result "1-0"]
[WhiteElo "2635"]
[BlackElo "2500"]

1.d4 f5 2.g3 Nf6 3.Bg2 g6 4.Nh3 d6 5.Nc3 Bg7 6.d5 c6 7.Nf4 O-O 8.h4 Qb6 9.h5 Ng4
10.Nd3 Na6 11.hxg6 hxg6 12.O-O e5 13.dxe6 Bxe6 14.Bf3 Ne5 15.Be3 Qc7 16.Bg2 Rae8
17.Nf4 Bc8 18.Bd4 Bh6 19.e3 Qh7 20.Bxa7 g5 21.Nd3 Ng4 22.Re1 Bg7 23.Bd4 Qh2+
24.Kf1 Bh6 25.Bb6 c5 26.Bd5+ Kh7 27.Qf3 Nb4 28.Nxb4 cxb4 29.Ne2 Qh5 30.Qh1 Qg6
31.Nd4 f4 32.exf4 gxf4 33.Rxe8 Rxe8 34.gxf4 Kg7 35.Re1 Bxf4 36.Rxe8 Qxe8
37.Qe4 Qh5 38.Qe7+ Kh6 39.Qf8+ Kg6 40.Be4+  1-0

[Event "New York op"]
[Site "New York"]
[Date "1998.03.17"]
[Round "4"]
[White "Milov, Vadim"]
[Black "Asrian, Karen"]
[Result "1/2-1/2"]
[WhiteElo "2635"]
[BlackElo "2555"]

1.c4 e6 2.Nc3 d5 3.d4 Nf6 4.cxd5 exd5 5.Bg5 Be7 6.e3 c6 7.Bd3 Nbd7 8.Nge2 O-O
9.O-O Re8 10.Qc2 Nf8 11.Rad1 Nh5 12.Bxe7 Qxe7 13.Rfe1 Ng6 14.Ng3 Nxg3 15.hxg3 Be6
16.a3 Qd6 17.b4 a5 18.bxa5 Qxa3 19.Ra1 Qe7 20.Qb2 Qc7 21.Qb4 Nf8 22.Reb1 Reb8
23.e4 dxe4 24.Bxe4 Ra6 25.Rc1 Qd8 26.Ne2 Bd5 27.Bxd5 Qxd5 28.Nf4 Qd8 29.Rd1 Rba8
30.Qxb7 R8a7 31.Qb3 Rxa5 32.Rac1 Rd7 33.Rxc6 Rxd4 34.Rdc1 Ra8 35.Qf3 Rb8
36.R6c5 Qf6 37.Rc7 Rbd8 38.R7c6 R4d6 39.Rxd6 Qxd6 40.Qg4 Ng6  1/2-1/2

[Event "New York op"]
[Site "New York"]
[Date "1998.03.18"]
[Round "5"]
[White "Gurevich, Dmitry"]
[Black "Milov, Vadim"]
[Result "0-1"]
[WhiteElo "2540"]
[BlackElo "2635"]

1.c4 c5 2.Nf3 b6 3.g3 Bb7 4.Bg2 g6 5.d4 cxd4 6.Qxd4 Nf6 7.O-O Bg7 8.Nc3 d6
9.Rd1 Nbd7 10.Be3 a6 11.Rac1 Rb8 12.b3 O-O 13.Qh4 Re8 14.Bh6 b5 15.Ng5 Bxg2
16.Kxg2 Qb6 17.Nd5 Qb7 18.e4 Rbc8 19.cxb5 axb5 20.Rxc8 Qxc8 21.Rd3 Qb7 22.Rf3 Bh8
23.g4 Nxe4 24.Nxe7+ Rxe7 25.Nxf7 Bf6 26.Nd8 Qa8  0-1

[Event "New York op"]
[Site "New York"]
[Date "1998.03.19"]
[Round "6"]
[White "Milov, Vadim"]
[Black "Pigusov, Evgeny"]
[Result "1-0"]
[WhiteElo "2635"]
[BlackElo "2575"]

1.c4 e6 2.Nc3 d5 3.d4 Nf6 4.cxd5 exd5 5.Bg5 c6 6.e3 Bf5 7.Qf3 Bg6 8.Bxf6 Qxf6
9.Qxf6 gxf6 10.Nf3 Nd7 11.Nh4 Be7 12.g3 Nb6 13.f3 O-O 14.Kf2 Rfe8 15.Rd1 Nc8
16.Ng2 Nd6 17.h4 h5 18.Nf4 Bf8 19.Re1 Bh6 20.b3 Kg7 21.Bg2 Re7 22.Re2 Rae8
23.Rhe1 a5 24.e4 dxe4 25.fxe4 Rd8 26.Bf3 Ne8 27.Rd1 Red7 28.d5 cxd5 29.Rxd5 Rxd5
30.Ncxd5 Nd6 31.e5 fxe5 32.Rxe5 a4 33.bxa4 Rc8 34.Bxh5 Be4 35.Bd1 Rc5 36.Bb3 Bxf4
37.gxf4 Rc1 38.Rg5+ Kf8 39.Nf6 Bc6 40.Nh7+ Ke7 41.Re5+ Kd8 42.Ng5 f6 43.Re6 Ne8
44.Nf3 Rh1 45.a5 Bxf3 46.Kxf3 Rxh4 47.Ba4 Nc7 48.Rd6+ Kc8 49.Rxf6 Nd5 50.Rf8+ Kc7
51.Bb3 Ne7 52.Rf7 Kd6 53.Rf6+ Kc7 54.a6 bxa6 55.Rxa6 Rh1 56.Re6 Nc6 57.Re4 Kd6
58.Kg4 Ne7 59.Rd4+ Kc6 60.Rd1 Rh2 61.Kg5 Nc8 62.Be6 Nd6 63.Rc1+ Kb5 64.Kf6 Re2
65.f5 Rf2 66.Ke5 Nxf5  1-0

[Event "New York op"]
[Site "New York"]
[Date "1998.03.20"]
[Round "7"]
[White "Onischuk, Alexander"]
[Black "Milov, Vadim"]
[Result "0-1"]
[WhiteElo "2610"]
[BlackElo "2635"]

1.e4 c5 2.Nf3 Nc6 3.d4 cxd4 4.Nxd4 Qb6 5.Nb3 Nf6 6.Nc3 e6 7.Be3 Qc7 8.Bd3 a6
9.O-O b5 10.f4 d6 11.a4 b4 12.Nb1 Be7 13.a5 O-O 14.N1d2 Bb7 15.Qe2 Rfe8 16.Rfc1 e5
17.f5 d5 18.Bb6 Qd7 19.Re1 Bd6 20.Qf3 Ne7 21.Nc5 Bxc5+ 22.Bxc5 Rac8 23.Bb6 dxe4
24.Nxe4 Nxe4 25.Bxe4 Bxe4 26.Rxe4 Nxf5 27.Qd3 Qxd3 28.cxd3 b3 29.Rb4 Rc2
30.Rxb3 Nd4 31.Bxd4 exd4 32.Rb4 h5 33.Kh1 Ree2 34.Rg1 Rxb2 35.Rxd4 Rb5 36.h4 Rxa5
37.Kh2 Rd2 38.Kg3 Ra3 39.Kf4 Raxd3 40.Rxd3 Rxd3 41.Ra1 Rd4+ 42.Kg3 Rd6 43.Kf3 Rf6+
44.Ke4 g6 45.Ra4 Kf8 46.Rb4 Rf5 47.Rb6 Rb5 48.Rxa6 Rb4+  0-1

[Event "New York op"]
[Site "New York"]
[Date "1998.03.21"]
[Round "8"]
[White "Milov, Vadim"]
[Black "Georgiev, Kiril"]
[Result "1/2-1/2"]
[WhiteElo "2635"]
[BlackElo "2675"]

1.c4 Nf6 2.Nc3 e5 3.Nf3 Nc6 4.e3 g6 5.Be2 Bg7 6.O-O O-O 7.d3 d5 8.cxd5 Nxd5
9.Bd2 Ndb4 10.Qb1 a5 11.a3 Na6 12.Qc2 Be6 13.Rab1 Qe7 14.Rfd1 Rfd8 15.Be1 Rd7
16.Na4 Bd5 17.Nc3 Be6 18.Na4 Bd5 19.Nc3  1/2-1/2

[Event "FRA-chT"]
[Site "FRA"]
[Date "1998.04.02"]
[Round "4"]
[White "Milov, Vadim"]
[Black "Magem Badals, Jorge"]
[Result "1-0"]
[WhiteElo "2635"]
[BlackElo "2535"]

1.c4 c5 2.Nf3 Nf6 3.Nc3 d5 4.cxd5 Nxd5 5.e3 e6 6.d4 cxd4 7.exd4 Bb4 8.Bd2 O-O
9.Bd3 Nc6 10.O-O Be7 11.a3 Bf6 12.Be3 Nce7 13.Ne4 b6 14.Ne5 Nf5 15.Nxf6+ Nxf6
16.Qf3 Qd5 17.Qh3 Bb7 18.Rad1 Rac8 19.Rfe1 h6 20.Bf4 Rfe8 21.Ng4 Qd8 22.d5 Nxg4
23.dxe6 Qh4 24.Bg3 Qxh3 25.gxh3 Nxg3 26.hxg4 Ne4 27.Bxe4 Bxe4 28.Rxe4 Rxe6
29.Rxe6 fxe6 30.Rd7 a5 31.Rd6 b5 32.Rxe6 Rc2 33.b3 Rb2 34.Re3 Ra2 35.b4 axb4
36.axb4 Rb2 37.Re4 Kf7 38.Kg2 Kf6 39.Kg3 Rb3+ 40.f3 Rb2 41.h4 g6 42.Rf4+ Kg7
43.g5 hxg5 44.hxg5 Kg8 45.Re4 Rb3 46.Kf4 Kg7 47.Rd4 Kf7 48.Ke5 Re3+ 49.Re4 Rd3
50.f4 Rc3 51.Rd4  1-0

[Event "Biel op"]
[Site "Biel"]
[Date "1998.07.21"]
[Round "1"]
[White "Milov, Vadim"]
[Black "Bozinovic, Bogdan"]
[Result "1-0"]
[WhiteElo "2635"]
[BlackElo "2245"]

1.c4 Nf6 2.Nc3 c5 3.Nf3 e6 4.e4 d6 5.d4 cxd4 6.Nxd4 a6 7.Be2 b6 8.f4 Bb7
9.Bf3 Qc7 10.Qe2 Nc6 11.Nxc6 Bxc6 12.O-O Rc8 13.Nd5 Qd8 14.b3 b5 15.Ba3 Bd7
16.Rfe1 exd5 17.exd5+ Be7 18.Bxd6 Ng8 19.Qf2 Kf8 20.Rxe7 Nxe7 21.Re1 Be6
22.c5 Kg8 23.dxe6  1-0

[Event "Biel op"]
[Site "Biel"]
[Date "1998.07.27"]
[Round "7"]
[White "Milov, Vadim"]
[Black "Kunte, Abhijit"]
[Result "1-0"]
[WhiteElo "2635"]
[BlackElo "2460"]

1.d4 Nf6 2.c4 e6 3.Nc3 Bb4 4.e3 O-O 5.Bd3 c5 6.Ne2 cxd4 7.exd4 d5 8.cxd5 Nxd5
9.a3 Be7 10.O-O Nc6 11.Bc2 Re8 12.Qd3 g6 13.Rd1 Bf8 14.Bb3 Bg7 15.Ne4 Nce7
16.h4 h5 17.Bg5 Qb6 18.N2g3 Bd7 19.Nc5 Bc6 20.Nge4 f6 21.Bxd5 Nxd5 22.Nxf6+ Nxf6
23.Qxg6 Qd8 24.Rd3 Kf8 25.Rg3 Bd5 26.Bxf6 Bxf6 27.Qh7  1-0

[Event "Biel op"]
[Site "Biel"]
[Date "1998.07.31"]
[Round "11"]
[White "Gurieli, Nino"]
[Black "Milov, Vadim"]
[Result "0-1"]
[WhiteElo "2635"]
[BlackElo "2385"]

1.d4 Nf6 2.Nf3 d5 3.c4 e6 4.Nc3 Nbd7 5.Bg5 Bb4 6.Qb3 c5 7.cxd5 exd5 8.a3 Bxc3+
9.Qxc3 c4 10.Nd2 O-O 11.g3 h6 12.Bxf6 Nxf6 13.Bg2 Re8 14.e3 Bf5 15.O-O Rc8
16.a4 Re6 17.Rfe1 Rb6 18.f3 Bd3 19.a5 Rb5 20.b3 Ne8 21.bxc4 Bxc4 22.Qa3 Nd6
23.Rec1 Rc6 24.e4 Ra6 25.exd5 Rbxa5 26.Qc3 Rxa1 27.Rxa1 Nb5 28.Qb2 Rxa1+
29.Qxa1 Bxd5 30.Qb2 Qb6  0-1

[Event "Groningen Festival"]
[Site "Groningen"]
[Date "1998.12.20"]
[Round "1"]
[White "Yermolinsky, Alex"]
[Black "Milov, Vadim"]
[Result "1/2-1/2"]
[WhiteElo "2625"]
[BlackElo "2640"]

1.d4 Nf6 2.c4 e6 3.Nf3 d5 4.Nc3 Bb4 5.Bg5 h6 6.Bxf6 Qxf6 7.cxd5 exd5 8.Qa4+ Nc6
9.e3 O-O 10.Be2 a6 11.O-O Be6 12.Rfc1 Bd6 13.Qd1 Rae8 14.Na4 Nd8 15.Nc5 Bc8
16.b4 Ne6 17.a4 Ng5 18.b5 a5 19.Nxg5 Qxg5 20.Bf3 b6 21.Nd3 Bf5 22.Ne5 Be6
23.Qc2 Re7 24.Nc6 Ree8 25.g3 Bf5 26.Qe2 Be4 27.Bg2 Bxg2 28.Kxg2 Re4 29.Rc3 h5
30.f3 Re6 31.Qf2 Rfe8 32.f4 Qf5 33.Rac1 f6 34.Qf3 Re4 35.Rb3 g6 36.Rbc3 Kg7
37.Ne5 Re7 38.Nc6 Rf7 39.Nd8 Rd7 40.Nc6 Kf8 41.h3 Rh7 42.Rf1 Ke8 43.h4 Rh8
44.Qe2 Kf7 45.Ne5+ Kg7 46.Qc2 Rf8 47.Nf3 Rfe8 48.Qf2 R4e7 49.Rfc1 Kg8 50.Nh2 g5
51.fxg5 Qxf2+ 52.Kxf2 fxg5 53.hxg5 h4 54.Ng4 hxg3+ 55.Kg2 Kg7 56.Ne5 Bxe5  1/2-1/2

[Event "Groningen Festival"]
[Site "Groningen"]
[Date "1998.12.23"]
[Round "4"]
[White "Milov, Vadim"]
[Black "Piket, Jeroen"]
[Result "1-0"]
[WhiteElo "2640"]
[BlackElo "2605"]

1.d4 d5 2.c4 c6 3.cxd5 cxd5 4.Nc3 Nf6 5.Bf4 Nc6 6.Nf3 a6 7.Rc1 Bf5 8.e3 e6
9.Qb3 Ra7 10.Be2 Nd7 11.O-O Be7 12.Na4 g5 13.Be5 Rg8 14.Bg3 h5 15.Nc5 Nxc5
16.dxc5 h4 17.Bd6 Bg4 18.h3 Bxf3 19.Bxf3 f5 20.Bh5+ Kf8 21.e4 Bxd6 22.cxd6 Qxd6
23.exf5 exf5 24.Rfd1 Ne7 25.Bf3 Rg6 26.Bxd5 Qb6 27.Qc3 Qf6 28.Qc7 Ra8 29.Bxb7 Re8
30.b4 Qb6 31.a3 Re6 32.Qxb6 Rxb6 33.Rc7 Kf7 34.Bf3 Kf6 35.Ra7 Ng6 36.Kf1 Nf4
37.Rc7 Ree6 38.Rc5 Re5 39.Rdc1 Ne6 40.Rxe5 Kxe5 41.Rc6 Rxc6 42.Bxc6 Kf4 43.Bb7 Nc7
44.Ke2 g4 45.a4 g3 46.Kf1  1-0

[Event "Groningen Festival"]
[Site "Groningen"]
[Date "1998.12.24"]
[Round "5"]
[White "Asrian, Karen"]
[Black "Milov, Vadim"]
[Result "0-1"]
[WhiteElo "2600"]
[BlackElo "2640"]

1.e4 c5 2.Nf3 e6 3.d4 cxd4 4.Nxd4 a6 5.Nc3 Qc7 6.Be2 b5 7.O-O Bb7 8.Re1 Nc6
9.Nxc6 dxc6 10.a4 Bd6 11.g3 Be5 12.Bd3 Nf6 13.Be3 O-O 14.Bc5 Rfd8 15.f4 Bd4+
16.Bxd4 Rxd4 17.e5 Qb6 18.Kf1 Nd5 19.a5 Qa7 20.Ne4 Rd8 21.Qh5 h6 22.Rad1 Ba8
23.f5 exf5 24.Qxf5 c5 25.e6 Rf8 26.e7 Qxe7 27.c3 c4 28.cxd4 cxd3 29.Rxd3 Qb4
30.Qf2 f5 31.Nc5 f4 32.Kg1 fxg3 33.Qxg3 Nf4 34.Rdd1 Qxb2 35.Ne6 Nh3+  0-1

[Event "Groningen Festival"]
[Site "Groningen"]
[Date "1998.12.26"]
[Round "6"]
[White "Milov, Vadim"]
[Black "Yermolinsky, Alex"]
[Result "1/2-1/2"]
[WhiteElo "2640"]
[BlackElo "2625"]

1.d4 Nf6 2.c4 g6 3.Nc3 d5 4.cxd5 Nxd5 5.e4 Nxc3 6.bxc3 Bg7 7.Bc4 O-O 8.Ne2 Qd7
9.O-O b6 10.Rb1 Bb7 11.f3 Nc6 12.Bb5 a6 13.Ba4 b5 14.Bb3 Na5 15.Ba3 Rfe8
16.Qc1 e6 17.Ng3 Nxb3 18.axb3 b4 19.Bb2 bxc3 20.Qxc3 c5 21.Qxc5 Rec8 22.Qg5 Bxd4+
23.Kh1 Qd8 24.Qf4 e5 25.Qh6 Bxb2 26.Rxb2 Qe7 27.f4 exf4 28.Qxf4 Rc5 29.Rbf2 Rf8
30.h4 Qe5 31.h5 Qxf4 32.Rxf4 Bc8 33.Rd1 Be6 34.b4 Rc4 35.Rd6 Rxb4  1/2-1/2

[Event "Groningen Festival"]
[Site "Groningen"]
[Date "1998.12.29"]
[Round "9"]
[White "Milov, Vadim"]
[Black "Asrian, Karen"]
[Result "1/2-1/2"]
[WhiteElo "2640"]
[BlackElo "2600"]

1.d4 d5 2.c4 e6 3.Nc3 Nf6 4.cxd5 exd5 5.Bg5 Be7 6.e3 c6 7.Bd3 O-O 8.Qc2 Nbd7
9.Nf3 Re8 10.O-O Nf8 11.h3 g6 12.Bh6 Nh5 13.Rab1 Ng7 14.b4 a6 15.a4 Bf5 16.Bxg7 Bxd3
17.Qxd3 Kxg7 18.Rfc1 Bd6 19.b5 axb5 20.axb5 Ra3 21.bxc6 bxc6 22.Qd1 Qa8 23.Ra1 Rb8
24.Rxa3 Qxa3 25.Nb1 Qa6 26.Nbd2 Ne6 27.Qc2 Rb6 28.g3 Qa3 29.Kg2 c5 30.dxc5 Rb2
31.Qc3+ Qxc3 32.Rxc3 Nxc5 33.Rc1 Ra2 34.Rb1 Be7 35.Rb4 Ne4  1/2-1/2

[Event "Groningen Festival"]
[Site "Groningen"]
[Date "1998.12.30"]
[Round "10"]
[White "Piket, Jeroen"]
[Black "Milov, Vadim"]
[Result "1/2-1/2"]
[WhiteElo "2605"]
[BlackElo "2640"]

1.d4 Nf6 2.Nf3 d5 3.c4 e6 4.Nc3 Nbd7 5.cxd5 exd5 6.Bg5 Bb4 7.e3 c5 8.Bd3 Qa5
9.Qc2 c4 10.Bf5 O-O 11.O-O Re8 12.Rfb1 g6 13.Bxd7 Nxd7 14.a3 Bxc3 15.bxc3 Qa6
16.a4 Nf6 17.Rb4 Ne4 18.Bf4 Qf6 19.Be5 Qc6 20.a5 f6 21.Bg3 b5 22.axb6 axb6
23.Rxa8 Qxa8 24.Qb2 b5 25.Ne1 Bd7 26.Nc2 Qa6 27.f3 Nd2 28.Be1 Nb3 29.Rxb3 cxb3
30.Qxb3 Qc6 31.Nb4 Qc4 32.Qxc4 dxc4 33.e4 Ra8 34.g4 Ra1 35.Kf2 Kf7 36.Ke2 h5
37.gxh5 gxh5 38.d5 Rb1 39.Bg3 Bh3 40.f4 Bg4+ 41.Ke3 Rf1 42.e5 Rf3+ 43.Kd4 h4
44.Bxh4 Rxf4+ 45.Kc5 fxe5 46.Bg3 Rf5 47.Nc6 Kf6 48.Kxb5 e4 49.Kxc4 e3 50.Nd4 Rf1
51.Kd3 e2 52.Nxe2  1/2-1/2

[Event "Stadtcasino op 3rd"]
[Site "Baden"]
[Date "1998.??.??"]
[Round "2"]
[White "Ramseier, Jana S"]
[Black "Milov, Vadim"]
[Result "0-1"]
[WhiteElo "2155"]
[BlackElo "2635"]

1.d4 Nf6 2.c4 g6 3.Nc3 Bg7 4.e4 d6 5.Bd3 Nc6 6.d5 Ne5 7.Be2 c6 8.Nf3 Ned7
9.Be3 O-O 10.h3 Nc5 11.Qc2 Bd7 12.Bxc5 dxc5 13.g4 Bc8 14.Rd1 Nd7 15.Kf1 Qc7
16.Kg2 Ne5 17.Nxe5 Bxe5 18.Bd3 e6 19.Ne2 f5 20.f3 cxd5 21.cxd5 exd5 22.exd5 Qd6
23.Rhf1 Bd7 24.a4 a6 25.a5 Rf7 26.Bc4 Raf8 27.Qb3 Kh8 28.g5 Re7 29.f4 Bg7
30.Rd2 Re4 31.Qc2 Qc7 32.Bd3 Rb4 33.b3 Qxa5 34.h4 Rxb3  0-1

[Event "Stadtcasino op 3rd"]
[Site "Baden"]
[Date "1998.??.??"]
[Round "3"]
[White "Milov, Vadim"]
[Black "Meyer, Bernhard"]
[Result "1-0"]
[WhiteElo "2635"]
[BlackElo "2190"]

1.c4 e6 2.Nc3 d5 3.d4 Nf6 4.cxd5 exd5 5.Bg5 Be7 6.e3 c6 7.Bd3 Nbd7 8.Nf3 O-O
9.Qc2 Re8 10.O-O Nf8 11.Rab1 Ng6 12.b4 a6 13.a4 Bd6 14.b5 axb5 15.axb5 h6
16.Bxf6 Qxf6 17.e4 dxe4 18.Nxe4 Qf4 19.Nxd6 Qxd6 20.bxc6 bxc6 21.Rfc1 Nf4
22.Bf1 Bg4 23.Ne5 Bh5 24.Qe4 Ne6 25.Bd3 Bg6 26.Nxg6 Nxd4 27.Ne7+ Kf8 28.Rb7 g6
29.Bc4  1-0

[Event "Stadtcasino op 3rd"]
[Site "Baden"]
[Date "1998.??.??"]
[Round "4"]
[White "Jenni, Florian"]
[Black "Milov, Vadim"]
[Result "0-1"]
[WhiteElo "2415"]
[BlackElo "2635"]

1.e4 c5 2.Nf3 e6 3.c3 Nf6 4.e5 Nd5 5.d4 cxd4 6.cxd4 d6 7.Bc4 Nc6 8.O-O Be7
9.Qe2 O-O 10.Qe4 Qc7 11.Bd3 f5 12.exf6 Nxf6 13.Qe2 Nb4 14.Bc4 d5 15.Bb3 Nc6
16.Nc3 a6 17.Bg5 Ng4 18.g3 Bd6 19.Rad1 Qf7 20.h3 Nh6 21.Bxh6 gxh6 22.Ne5 Qg7
23.Nxc6 bxc6 24.Kh2 Kh8 25.f4 Ra7 26.Qe3 Rg8 27.Ne2 Qf6 28.Rc1 Bd7 29.Rg1 Be8
30.Qf3 h5 31.Ba4 Rc7 32.Qe3 Rf8 33.Rgf1 h4 34.g4 Rb7 35.b3 Rc7 36.Rf2 Rg7
37.Bxc6 Bg6 38.Ba4 Be4 39.Rc6 Bb8 40.Rb6 h5 41.g5 Qd8 42.Rxe6 Qxg5 43.Rxe4 dxe4
44.Qxe4 Qg3+ 45.Nxg3 hxg3+ 46.Kg2 gxf2+ 47.Kf1 Bxf4 48.Qd5 Rg5 49.Qe6 Be3
50.Qh6+ Kg8 51.Qe6+ Kg7  0-1

[Event "Stadtcasino op 3rd"]
[Site "Baden"]
[Date "1998.??.??"]
[Round "6"]
[White "Rogers, Ian"]
[Black "Milov, Vadim"]
[Result "1/2-1/2"]
[WhiteElo "2570"]
[BlackElo "2635"]

1.e4 c5 2.Nf3 Nc6 3.Bb5 e6 4.Bxc6 bxc6 5.d3 Ne7 6.Ng5 h6 7.Nh3 d5 8.f4 g6
9.O-O Bg7 10.Nf2 Ba6 11.Na3 O-O 12.Rb1 Rb8 13.c4 dxc4 14.dxc4 Qxd1 15.Rxd1 Bd4
16.b3 Rfd8 17.Bb2 Bxb2 18.Rxb2 Rxd1+ 19.Nxd1 Rd8 20.Nc3 e5 21.fxe5 g5 22.Nab1 Ng6
23.Rd2 Rxd2 24.Nxd2 Nxe5 25.Kf2 Bc8 26.Nf3 Nd3+ 27.Ke3 Nb4 28.a3 Nc2+ 29.Kd2 Na1
30.Na4 Nxb3+ 31.Kc3 Nc1 32.Ng1 Bg4 33.h3 Bd1 34.Nxc5 Kf8 35.Nd7+ Ke7 36.Ne5 Ba4
37.Kb4 Bc2 38.Nxc6+ Kd7 39.Nxa7 Bxe4 40.Kc3 f5 41.g3 f4 42.gxf4 gxf4 43.Kd4 Bg2
44.Nb5 Nb3+ 45.Kd3 Bf1+ 46.Ke4 Nd2+ 47.Kxf4 Nxc4 48.a4 Bxh3 49.Nxh3 Kc6 50.Nd4+ Kc5
51.Nf5 Kb4 52.Nxh6 Kxa4 53.Ke4 Kb4 54.Kd4 Nd6 55.Ng4 Nb5+ 56.Kd3 Kc5 57.Nf4  1/2-1/2

[Event "Stadtcasino op 3rd"]
[Site "Baden"]
[Date "1998.??.??"]
[Round "7"]
[White "Milov, Vadim"]
[Black "Vettel, Matthias"]
[Result "1-0"]
[WhiteElo "2635"]
[BlackElo "2205"]

1.c4 Nf6 2.Nc3 c5 3.Nf3 Nc6 4.d4 cxd4 5.Nxd4 e6 6.a3 Bc5 7.Nb3 Be7 8.e4 O-O
9.Be2 b6 10.f4 d6 11.Bf3 Bb7 12.Be3 Rc8 13.Qe2 Qc7 14.Rc1 Qb8 15.O-O Rfe8
16.Bf2 Bf8 17.Nd2 e5 18.f5 Nd4 19.Qd3 g6 20.Bh4 Nd7 21.Bg4 Qc7 22.Nd5 Bxd5
23.exd5 Bh6 24.fxg6 fxg6 25.Ne4 Rf8 26.Ng5 Nc5 27.Qh3 Rxf1+ 28.Rxf1 Rf8 29.Rxf8+ Bxf8
30.b4 h6 31.Ne6 Ncxe6 32.Bxe6+ Kg7 33.Qd3 Be7 34.Bg3 Bf6 35.Bg4 Qe7 36.Bf2 h5
37.Bf3 Qd7 38.Be4 Qf7 39.Be3 Qe8 40.Bd2 Qf7 41.g3 Kh7 42.Qf1 Qe7 43.Kg2 Kg7
44.h4 g5 45.Qd1 gxh4 46.Qxh5 hxg3 47.Bh6+ Kg8 48.Qg6+ Kh8 49.Bf8  1-0

[Event "Stadtcasino op 3rd"]
[Site "Baden"]
[Date "1998.??.??"]
[Round "8"]
[White "Nemet, Ivan"]
[Black "Milov, Vadim"]
[Result "0-1"]
[WhiteElo "2380"]
[BlackElo "2635"]

1.a3 g6 2.e4 c5 3.h4 h5 4.Nc3 Bg7 5.Nh3 Nc6 6.g3 d6 7.Bg2 Bg4 8.f3 Bd7 9.d3 Rb8
10.O-O b5 11.Nd5 e6 12.Ne3 e5 13.Nd5 Nce7 14.Ne3 Nh6 15.f4 Qc8 16.f5 gxf5
17.Nxf5 Nhxf5 18.exf5 Bxf5 19.Ng5 Bg4 20.Nxf7 O-O 21.Nh6+ Bxh6 22.Bxh6 Bxd1
23.Rxf8+ Qxf8 24.Bxf8 Rxf8 25.Rxd1 Nf5 26.Bd5+ Kg7 27.Rd2 Ne3 28.Bg2 d5 29.c3 a5
30.Re2 d4 31.cxd4 exd4 32.b3 Rf6 33.Re1 Kf7 34.Rc1 c4 35.bxc4 bxc4 36.Rb1 c3
37.Rb5 c2 38.Rc5 Rb6  0-1

[Event "Stadtcasino op 3rd"]
[Site "Baden"]
[Date "1998.??.??"]
[Round "9"]
[White "Milov, Vadim"]
[Black "Raetsky, Alexander"]
[Result "1-0"]
[WhiteElo "2635"]
[BlackElo "2440"]

1.c4 e5 2.Nc3 Nf6 3.Nf3 Nc6 4.e3 Bb4 5.Nd5 e4 6.Ng1 O-O 7.a3 Bd6 8.Ne2 Nxd5
9.cxd5 Ne5 10.Nc3 f5 11.d3 Qh4 12.d4 Ng4 13.g3 Qh6 14.Nxe4 fxe4 15.Qxg4 Qf6
16.Qxe4 Qxf2+ 17.Kd1 b6 18.Bd3 g6 19.Bd2 Bb7 20.Kc2 Rae8 21.Raf1 Rxe4 22.Rxf2 Bxd5
23.Rxf8+ Bxf8 24.Re1 Re8 25.e4 Bf7 26.b4 d5 27.e5 c6 28.Ba6 Be6 29.Bb7 c5
30.a4 Rb8 31.Ba6 c4 32.Kc3 h5 33.Bg5 Bg7 34.Be7 Bf8 35.Bg5 Bg7 36.Rf1 Rf8
37.Rxf8+ Bxf8 38.a5 Kf7 39.axb6 axb6 40.Bd8 Bh6 41.Bxb6 Be3 42.b5 Bf2 43.Kd2 g5
44.Bc5  1-0

[Event "Biel op"]
[Site "Biel"]
[Date "1998.??.??"]
[Round "2"]
[White "Cherniaev, Alexander"]
[Black "Milov, Vadim"]
[Result "1-0"]
[WhiteElo "2465"]
[BlackElo "2635"]

1.e4 c5 2.Nf3 e6 3.c3 Nf6 4.e5 Nd5 5.Bc4 d6 6.d4 cxd4 7.cxd4 Nc6 8.O-O Be7
9.Qe2 O-O 10.Qe4 Qc7 11.exd6 Qxd6 12.Nc3 Rd8 13.Rd1 b6 14.Bd3 g6 15.Bh6 Bb7
16.Nxd5 Qxd5 17.Qxd5 exd5 18.Rac1 Rac8 19.Bf1 Na5 20.Rxc8 Rxc8 21.Rc1 f6
22.Rxc8+ Bxc8 23.Bc1 Kf7 24.Bd3 Nc6 25.Bb5 Nb4 26.a3 Ba6 27.Bxa6 Nxa6 28.Kf1 Nb8
29.Ke2 Nc6 30.Bd2 h5 31.h3 g5 32.Kd3 Kg6 33.Ng1 Kf5 34.Ne2 Bd6 35.Nc3 Ne7
36.Nb5 Bb8 37.Nc3 h4 38.Ne2 Ke6 39.Bb4 Ng6 40.a4 Nh8 41.a5 b5 42.a6 Ng6 43.Bc5 Kd7
44.Kc3 Kc7 45.Kb4 Kc6 46.b3 f5 47.f3 Nh8 48.Nc1 Nf7 49.Nd3 Nd8 50.Ne5+ Bxe5
51.dxe5 Ne6 52.Bxa7 d4 53.Ka3 Nc7 54.Bxd4 Nxa6 55.e6 Nc7 56.e7 Kd7 57.Bf6 Ne6
58.Kb4 Nf4 59.Bxg5 Nxg2 60.Kxb5 Ne1 61.f4 Nf3 62.Kc4 Ng1 63.Bxh4 Nxh3 64.Bg5  1-0

[Event "Biel op"]
[Site "Biel"]
[Date "1998.??.??"]
[Round "3"]
[White "Milov, Vadim"]
[Black "Zollbrecht, Josef"]
[Result "1-0"]
[WhiteElo "2635"]
[BlackElo "2310"]

1.c4 Nf6 2.Nc3 d5 3.cxd5 Nxd5 4.Nf3 g6 5.Qa4+ c6 6.Qd4 f6 7.e4 Nb6 8.Qxd8+ Kxd8
9.d4 Bg4 10.Be3 N8d7 11.O-O-O e5 12.Be2 Kc7 13.Kb1 Rd8 14.Ng5 Bxe2 15.Ne6+ Kc8
16.Nxe2 Re8 17.Nxf8 Rhxf8 18.dxe5 Nxe5 19.f3 Rd8 20.b3 Rxd1+ 21.Rxd1 Rd8
22.Rxd8+ Kxd8 23.Kc2 Kd7 24.f4 Ng4 25.Bg1 Nh6 26.Kd3 Nc8 27.h3 f5 28.Bc5 b6
29.Bf8 Nf7 30.exf5 gxf5 31.g4 fxg4 32.hxg4 Ncd6 33.Ng3 Ke6 34.Nh5 Ne8 35.Ke3 Kd5
36.f5 c5 37.Be7 Ke5 38.Nf4 Nc7 39.Nd3+ Kd5 40.g5 Kc6 41.g6 hxg6 42.fxg6 Nd5+
43.Ke2 Nh6 44.Ne5+ Kb5 45.Bg5 Ng8 46.Kd3 a5 47.a4+ Kb4 48.Kc2 Ka3 49.Nc4+ Ka2
50.Nd6 Nb4+ 51.Kc3 Nc6 52.Nc8 Ne5 53.g7 Nf3 54.Be3 Nd4 55.Bxd4 cxd4+ 56.Kxd4 Kxb3
57.Nxb6 Kb4 58.Kd5 Nh6 59.Ke6 Kc5 60.Nd5 Kc4 61.Ne3+ Kb4 62.Nf5  1-0